Color the Historical Flags #6 - Statistics

General Stats
  • This quiz has been taken 200 times
  • The average score is 4 of 6
Answers on the Map
Answers color-coded by a green-red scale on the quiz's map according to % correct below.
 
Answer Stats
Answer % Correct
Red
74%
Yellow/Gold
73%
Blue
69%
White
60%
Green
57%
Black
56%
No matching quizzes found
Score Distribution
Percent of People with Each Score
Percentile by Number Answered
Your Score History
You have not taken this quiz